[Event "tt-2"]
[Site "?"]
[Date "1996.??.??"]
[Round "?"]
[White "Meszaros Gyula"]
[Black "Kotan Ladislav"]
[Result "1-0"]
[WhiteElo "2240"]
[BlackElo "2370"]
[PlyCount "112"]
[EventDate "1996.??.??"]
[Source "www.chesslib.no"]
[SourceDate "2004.05.04"]

1. d4 d5 2. e4 dxe4 3. Nc3 e5 4. Qh5 Nc6 5. dxe5 g6 6. Qg5 Bf5 7. Bb5 Qxg5 8. Bxg5 h6 9. Bf4 g5 10. Bxc6+ bxc6 11. Be3 Bg7 12. Nge2 Bxe5 13. Bd4 Bxd4 14. Nxd4 Bg6 15. h4 gxh4 16. O-O-O Ne7 17. Rh3 f5 18. Ne6 Kf7 19. Nxc7 Rac8 20. Na6 h5 21. Rd7 Ra8 22. Ne2 Rhd8 23. Rb7 Rd6 24. Nf4 Rad8 25. b4 Rd1+ 26. Kb2 R1d7 27. Rxd7 Rxd7 28. Kc1 Rd8 29. g3 Rh8 30. Nc5 Nd5 31. Nxd5 cxd5 32. c3 Kf6 33. Kd2 Be8 34. Ke3 Ke5 35. a4 Rh7 36. a5 Rc7 37. Rh1 Rc8 38. f4+ exf3 39. Kxf3 Kf6 40. Kf2 Bf7 41. Re1 Rd8 42. Re3 a6 43. Re2 Rd6 44. Re1 Bg6 45. Rb1 Be8 46. Ra1 Bb5 47. Re1 d4 48. Rd1 d3 49. Ke3 Rc6 50. Rh1 Kg5 51. Rxh4 Rd6 52. Kd2 Kh6 53. c4 Be8 54. Rf4 Rg6 55. Rf3 Rg4 56. Re3 Bf7 1-0

[Event "Corr"]
[Site "?"]
[Date "2002.04.30"]
[Round "?"]
[White "Piculjan Nenad"]
[Black "Madsen Michael Ole"]
[Result "1-0"]
[WhiteElo "2408"]
[BlackElo "2202"]
[PlyCount "61"]
[EventDate "2002.??.??"]
[Source "www.chesslib.no"]
[SourceDate "2004.05.04"]

1. e4 d5 2. d4 dxe4 3. Nc3 Nf6 4. f3 exf3 5. Nxf3 Bf5 6. Ne5 e6 7. g4 Bg6 8. Qf3 c6 9. g5 Ng8 10. Bd3 Qxd4 11. Nxg6 hxg6 12. Bf4 Bd6 13. Bxd6 Qxd6 14. O-O-O Qe7 15. Ne4 Nd7 16. Qg3 f5 17. gxf6 gxf6 18. Rhf1 g5 19. Bc4 Rh6 20. Qb3 f5 21. Nd6+ Kf8 22. Bxe6 Qxe6 23. Rxf5+ Kg7 24. Rf7+ Kh8 25. Rxd7 Qxb3 26. axb3 Nf6 27. Nf7+ Kg7 28. Rxb7 Rxh2 29. Nxg5+ Kh6 30. Nf7+ Kh5 31. Nd8 1-0

[Event "Salgotarjan Balazs op"]
[Site "?"]
[Date "1997.??.??"]
[Round "7"]
[White "Molnar Bela"]
[Black "Kadas Gabor"]
[Result "1-0"]
[WhiteElo "2380"]
[BlackElo "2225"]
[PlyCount "41"]
[EventDate "1997.??.??"]
[Source "www.chesslib.no"]
[SourceDate "2004.05.04"]

1. e4 d5 2. d4 dxe4 3. Nc3 Nf6 4. f3 exf3 5. Nxf3 e6 6. Bd3 c5 7. dxc5 Bxc5 8. Bg5 Be7 9. O-O O-O 10. Qe1 Nc6 11. Qh4 g6 12. Rad1 Qb6+ 13. Kh1 Kg7 14. Ne5 Nxe5 15. Bxf6+ Bxf6 16. Qxf6+ Kg8 17. Qxe5 Qxb2 18. Rb1 Qa3 19. Nb5 Qe7 20. Nc7 f6 21. Nd5 1-0

[Event "Poysdorf Open"]
[Site "Poysdorf"]
[Date "1994.??.??"]
[Round "6"]
[White "Nickl, Klaus"]
[Black "Fancsy, Imre"]
[Result "0-1"]
[WhiteElo "2205"]
[BlackElo "2400"]
[PlyCount "76"]
[EventDate "1994.??.??"]
[Source "www.chesslib.no"]
[SourceDate "2004.05.04"]

1. d4 d5 2. e4 dxe4 3. Nc3 e5 4. dxe5 Qxd1+ 5. Kxd1 Nc6 6. Bf4 Bg4+ 7. Be2 O-O-O+ 8. Kc1 Bf5 9. Bc4 f6 10. exf6 Nxf6 11. Nge2 Bc5 12. Ng3 Bg6 13. Bg5 Bxf2 14. Bxf6 gxf6 15. Ncxe4 Be3+ 16. Kb1 Rd4 17. Be6+ Kb8 18. Nc3 Rd2 19. Nce4 Rd4 20. Nc3 Rd2 21. Nce4 Rxg2 22. Bh3 Rg1+ 23. Rxg1 Bxg1 24. Nxf6 Bxh2 25. Nf5 Rd8 26. Ne3 Rd2 27. a4 Nb4 28. Kc1 Re2 29. Ra3 Bf4 30. Kd1 Rxe3 31. Rxe3 Bxe3 32. c3 Nd3 33. Ke2 Bg5 34. Nd7+ Ka8 35. b4 Nf4+ 36. Kf3 Nxh3 37. Kg4 Bd2 38. Kxh3 Bf5+ 0-1

[Event "Corr"]
[Site "?"]
[Date "2001.10.25"]
[Round "?"]
[White "Bocanegra Moreno Rufino (ESP)"]
[Black "Ryvova Mrs.Anna (CZE)"]
[Result "1/2-1/2"]
[WhiteElo "2346"]
[BlackElo "2256"]
[PlyCount "68"]
[EventDate "2001.??.??"]
[Source "www.chesslib.no"]
[SourceDate "2004.05.04"]

1. d4 d5 2. e4 dxe4 3. Nc3 Nf6 4. f3 exf3 5. Nxf3 c6 6. Bc4 Bf5 7. O-O e6 8. Ne5 Bg6 9. g4 Bd6 10. Bf4 Bxe5 11. Bxe5 Nbd7 12. Bg3 Qa5 13. Qe2 Qb6 14. Rad1 O-O 15. Bb3 Rac8 16. Bf2 Rfe8 17. d5 exd5 18. Qxe8+ Rxe8 19. Bxb6 Nxb6 20. Rde1 Rxe1 21. Rxe1 h6 22. a4 Nbd7 23. h3 Nc5 24. Ne2 Nxb3 25. cxb3 a5 26. Kf2 Kf8 27. Ke3 Ke7 28. Nf4 Bh7 29. Nh5 Nxh5 30. gxh5 Bf5 31. h4 c5 32. Kf4+ Be6 33. Rc1 b6 34. b4 axb4 1/2-1/2

[Event "Luzern ol (Men)"]
[Site "Lucerne SUI"]
[Date "1982.??.??"]
[Round "11"]
[White "Liew, Chee-Meng-Jimmy"]
[Black "Jhunjhnuwala, Krishan"]
[Result "0-1"]
[WhiteElo "2270"]
[BlackElo "2325"]
[PlyCount "74"]
[EventDate "1982.10.??"]
[Source "www.chesslib.no"]
[SourceDate "2004.05.04"]

1. d4 d5 2. e4 dxe4 3. Nc3 Nf6 4. f3 exf3 5. Nxf3 Bg4 6. Bc4 e6 7. O-O Be7 8. Be3 O-O 9. Qe1 c5 10. Rd1 Nc6 11. d5 Bxf3 12. gxf3 exd5 13. Nxd5 Nxd5 14. Rxd5 Qc7 15. Bxc5 Bxc5+ 16. Rxc5 Rfe8 17. Qf2 Rad8 18. Bb5 Re6 19. Bxc6 bxc6 20. Re1 Qe7 21. Rxe6 Rd1+ 22. Kg2 Qxe6 23. Rc3 h5 24. Rd3 Re1 25. Rd2 Qe5 26. h3 Qg5+ 27. Kh2 Qf4+ 28. Kg2 Re6 29. Rd4 Rg6+ 30. Kh1 Qc1+ 31. Kh2 Qxb2 32. f4 Qxa2 33. Rd8+ Kh7 34. Qe2 Qa5 35. Re8 Qf5 36. Re5 Qxf4+ 37. Kh1 Qc1+ 0-1

[Event "SVK-chT 9899"]
[Site "?"]
[Date "1999.??.??"]
[Round "10"]
[White "Berkes Ferenc"]
[Black "Kolesar Milan"]
[Result "1-0"]
[WhiteElo "2350"]
[BlackElo "2240"]
[PlyCount "120"]
[EventDate "1999.??.??"]
[Source "www.chesslib.no"]
[SourceDate "2004.05.04"]

1. d4 d5 2. e4 dxe4 3. Nc3 Bf5 4. f3 Nf6 5. fxe4 Nxe4 6. Qf3 Nxc3 7. bxc3 Qc8 8. Bc4 e6 9. Ne2 Bd6 10. O-O O-O 11. Bb3 c6 12. h4 h6 13. g4 Bg6 14. Bf4 Be7 15. Bg3 Na6 16. Nf4 Bh7 17. Nh5 c5 18. Qe2 Kh8 19. d5 c4 20. Bxc4 Nc5 21. dxe6 Nxe6 22. Kh2 Qc6 23. Rae1 Rad8 24. Kh3 Bd6 25. Bxe6 Bxg3 26. Nxg3 fxe6 27. Rxf8+ Rxf8 28. Qxe6 Qxc3 29. Qd6 Rc8 30. Re7 h5 31. gxh5 Qf3 32. Qe6 Rf8 33. Qe2 Qf6 34. Qe5 Qxe5 35. Rxe5 Rc8 36. Re7 Rxc2 37. a4 Rc4 38. Re8+ Bg8 39. Nf5 Kh7 40. Re7 Rc3+ 41. Kg4 Rc4+ 42. Kg5 Rc5 43. Rxg7+ Kh8 44. Re7 Bb3 45. Rxb7 Bxa4 46. Kf6 Rb5 47. Rxa7 Bd1 48. Kg6 Rb6+ 49. Kg5 Rb5 50. Rd7 Bc2 51. Kh6 Rb6+ 52. Nd6 Rb8 53. Nf7+ Kg8 54. Ne5 Kf8 55. Rc7 Ba4 56. Ra7 Bb5 57. Ng6+ Ke8 58. Kg7 Bd3 59. Ne5 Bc2 60. Nc6 Rb6 1-0

[Event "Paks Atom Cup IM 2nd"]
[Site "?"]
[Date "1997.??.??"]
[Round "2"]
[White "Meszaros Gyula"]
[Black "Marcetic Nikola"]
[Result "1-0"]
[WhiteElo "2295"]
[BlackElo "2295"]
[PlyCount "135"]
[EventDate "1997.??.??"]
[Source "www.chesslib.no"]
[SourceDate "2004.05.04"]

1. d4 d5 2. e4 dxe4 3. Nc3 e5 4. Qh5 Nf6 5. Qxe5+ Be7 6. Bf4 Nc6 7. Qxc7 Qxc7 8. Bxc7 Nxd4 9. O-O-O Nc6 10. Nge2 Bc5 11. Ng3 Bxf2 12. Ngxe4 Nxe4 13. Nxe4 Be3+ 14. Kb1 O-O 15. Bc4 Bg4 16. Rde1 Bb6 17. Bxb6 axb6 18. Rhf1 Rad8 19. Kc1 Rd4 20. Bb3 h6 21. c3 Rd7 22. Ng3 Na5 23. Ba4 Rc7 24. Nf5 Ra8 25. Ne7+ Kf8 26. Nd5 Rc5 27. Nxb6 Rd8 28. Rf4 Rg5 29. Rd4 Rb8 30. Rxg4 Rxg4 31. Nd7+ Kg8 32. Bd1 Rxg2 33. Nxb8 Rxh2 34. Be2 Rh4 35. b4 Nc4 36. Bxc4 Rxc4 37. Re8+ Kh7 38. Kd2 f5 39. Nd7 h5 40. a4 h4 41. a5 h3 42. Re1 g5 43. Ne5 Rc7 44. Rh1 g4 45. Nd3 Kh6 46. Nf4 Rd7+ 47. Ke2 Kg5 48. Nxh3+ gxh3 49. Rxh3 f4 50. Rh8 Re7+ 51. Kd3 Kf5 52. Rf8+ Ke5 53. c4 Rd7+ 54. Kc3 Ke4 55. Re8+ Kf5 56. b5 Rf7 57. Kd3 f3 58. Ke3 Rc7 59. Rf8+ Ke5 60. Kd3 Rd7+ 61. Ke3 Rc7 62. Re8+ Kd6 63. b6 Rf7 64. Kf2 Kc5 65. Rc8+ Kb4 66. Rc7 Rf6 67. a6 bxa6 68. c5 1-0

[Event "Corr"]
[Site "?"]
[Date "1999.??.??"]
[Round "?"]
[White "Tinture Laurent"]
[Black "Gresshoff Werner"]
[Result "0-1"]
[WhiteElo "2274"]
[BlackElo "2315"]
[PlyCount "54"]
[EventDate "1999.??.??"]
[Source "www.chesslib.no"]
[SourceDate "2004.05.04"]

1. e4 d5 2. d4 dxe4 3. Nc3 Nf6 4. f3 Bf5 5. fxe4 Nxe4 6. Qf3 Nd6 7. Bf4 e6 8. O-O-O c6 9. g4 Bg6 10. Qe3 Be7 11. Nf3 Nd7 12. h4 h5 13. d5 cxd5 14. Nxd5 exd5 15. Bxd6 hxg4 16. Rxd5 gxf3 17. Bb5 Kf8 18. Bxe7+ Qxe7 19. Qxe7+ Kxe7 20. Rxd7+ Kf6 21. Rxb7 Be4 22. Rd7 Rhd8 23. Re1 Rxd7 24. Bxd7 Bf5 25. Bxf5 Kxf5 26. Kd2 Kf4 27. Re7 Rf8 0-1

[Event "Balatonfuzfo"]
[Site "Balatonfuzfo"]
[Date "1993.??.??"]
[Round "6"]
[White "Kurucsai, Istvan"]
[Black "Meszaros, Andras"]
[Result "0-1"]
[WhiteElo "2240"]
[BlackElo "2345"]
[PlyCount "38"]
[EventDate "1993.??.??"]
[Source "www.chesslib.no"]
[SourceDate "2004.05.04"]

1. d4 d5 2. e4 dxe4 3. Nc3 Nf6 4. Bg5 c6 5. Bxf6 exf6 6. Nxe4 Qb6 7. b3 f5 8. Nc3 Bb4 9. Nge2 Qa5 10. Qd3 O-O 11. f3 c5 12. O-O-O cxd4 13. Qxd4 Nc6 14. Qe3 f4 15. Qd2 Bf5 16. Qd5 Bxc3 17. Nxc3 Qa3+ 18. Kb1 Bxc2+ 19. Ka1 Rfd8 0-1

[Event "3. Atom Cup IM"]
[Site "?"]
[Date "1998.09.19"]
[Round "1"]
[White "Meszaros Gyula"]
[Black "Nor Igor"]
[Result "1-0"]
[WhiteElo "2305"]
[BlackElo "2280"]
[PlyCount "117"]
[EventDate "1998.??.??"]
[Source "www.chesslib.no"]
[SourceDate "2004.05.04"]

1. d4 d5 2. e4 dxe4 3. Nc3 Nf6 4. f3 Nc6 5. d5 Ne5 6. fxe4 e6 7. Nf3 Nxf3+ 8. Qxf3 exd5 9. exd5 Qe7+ 10. Qe2 Qxe2+ 11. Bxe2 Bb4 12. Bd2 O-O 13. O-O-O Re8 14. Nb5 Bd6 15. Bf3 Bf5 16. Nxd6 cxd6 17. Bf4 Rac8 18. Rd2 Ne4 19. Re2 g5 20. Rhe1 gxf4 21. Bxe4 Re5 22. Bxf5 Rxf5 23. Rf2 Re5 24. Ref1 Rc5 25. c3 Rcxd5 26. Rxf4 f5 27. Rd1 Rxd1+ 28. Kxd1 Kf7 29. Kd2 Kg6 30. Rc4 Rb5 31. b4 a5 32. Rd4 axb4 33. cxb4 Rb6 34. a4 Kf6 35. b5 Ke5 36. Rh4 d5 37. Rxh7 Rg6 38. g3 Rg4 39. Rh4 Rg8 40. a5 d4 41. Rh6 Ra8 42. a6 bxa6 43. bxa6 Rb8 44. Rc6 Rh8 45. h4 Kd5 46. Rf6 Ke5 47. Rb6 Ra8 48. Kd3 Rg8 49. Rb5+ Kd6 50. Ra5 Rxg3+ 51. Kxd4 Rg4+ 52. Ke3 Rg8 53. a7 Ra8 54. Kf4 Kc6 55. h5 Kb6 56. Ra1 Kc6 57. h6 Kc7 58. h7 Kb7 59. Ra2 1-0

[Event "UKR-ch"]
[Site "?"]
[Date "2000.??.??"]
[Round "1"]
[White "Panchenko Fedor"]
[Black "Maly Alexey"]
[Result "0-1"]
[WhiteElo "2174"]
[BlackElo "2411"]
[PlyCount "71"]
[EventDate "2000.??.??"]
[Source "www.chesslib.no"]
[SourceDate "2004.05.04"]

1. d4 d5 2. e4 dxe4 3. Nc3 Nf6 4. Bg5 Bf5 5. f3 exf3 6. Qxf3 Qc8 7. Bd3 Bxd3 8. Qxd3 Nbd7 9. Nf3 e6 10. O-O-O c6 11. Rhe1 Be7 12. h3 O-O 13. Kb1 Qc7 14. g4 Rad8 15. Qf1 Nb6 16. Rd3 Nbd5 17. Nxd5 Nxd5 18. Bd2 c5 19. dxc5 Qxc5 20. Rb3 Rc8 21. c3 Rc7 22. g5 a6 23. h4 b5 24. h5 Qc4 25. Qg2 Nf4 26. Qg4 Nd3 27. Re4 Qc6 28. Be3 Nc5 29. Bxc5 Qxc5 30. Re5 Qf2 31. Nd4 Qf1+ 32. Kc2 Bc5 33. Ne2 Rd8 34. Ng3 Qg2+ 35. Re2 Qd5 36. Qe4 0-1

[Event "FRA-chT2"]
[Site "?"]
[Date "2001.11.17"]
[Round "2"]
[White "Bolding Klaus"]
[Black "Kuntz Pierre"]
[Result "1/2-1/2"]
[WhiteElo "2376"]
[BlackElo "2207"]
[PlyCount "106"]
[EventDate "2001.??.??"]
[Source "www.chesslib.no"]
[SourceDate "2004.05.04"]

1. e4 d5 2. d4 dxe4 3. Nc3 Nf6 4. f3 exf3 5. Nxf3 Bg4 6. h3 Bxf3 7. Qxf3 c6 8. Qf2 e6 9. Bd3 Be7 10. Bd2 Nbd7 11. O-O-O Qc7 12. g4 h6 13. Kb1 O-O-O 14. h4 Nxg4 15. Qxf7 Ndf6 16. Qxe6+ Kb8 17. d5 Nf2 18. dxc6 bxc6 19. Rde1 Nxh1 20. Qxe7 Qxe7 21. Rxe7 Rd7 22. Bf4+ Ka8 23. Rxd7 Nxd7 24. Be4 Kb7 25. Bxh1 g5 26. Bg3 Rf8 27. Bg2 gxh4 28. Bxh4 Rf4 29. Bg3 Rg4 30. Ne2 Nf6 31. Bf3 Rg8 32. b4 a6 33. c4 Re8 34. Kc2 Re3 35. Nd4 Ne4 36. Bxe4 Rxe4 37. Kd3 Rg4 38. Bd6 h5 39. Nb3 Rh4 40. Nc5+ Ka7 41. Ne4 Rg4 42. Nf2 Rg6 43. Bf4 a5 44. bxa5 Ka6 45. Kd4 Kxa5 46. Nd3 Kb6 47. a4 Rg2 48. Ke3 Rc2 49. c5+ Rxc5 50. Bc7+ Kxc7 51. Nxc5 Kb6 52. Nb3 c5 53. Nxc5 Kxc5 1/2-1/2

[Event "HUN-chT2 9596"]
[Site "HUN"]
[Date "1996.??.??"]
[Round "9"]
[White "Meszaros, Gyorgy"]
[Black "Kotan, Ladislav"]
[Result "1-0"]
[WhiteElo "2200"]
[BlackElo "2370"]
[PlyCount "131"]
[EventDate "1995.??.??"]
[Source "www.chesslib.no"]
[SourceDate "2004.05.04"]

1. d4 d5 2. e4 dxe4 3. Nc3 e5 4. Qh5 Nc6 5. dxe5 g6 6. Qg5 Bf5 7. Bb5 Qxg5 8. Bxg5 h6 9. Bf4 g5 10. Bxc6+ bxc6 11. Be3 Bg7 12. Nge2 Bxe5 13. Bd4 Bxd4 14. Nxd4 Bg6 15. h4 gxh4 16. O-O-O Ne7 17. Rxh4 f5 18. Ne6 Kf7 19. Nxc7 Rac8 20. Na6 h5 21. Rd7 Ra8 22. Ne2 Rhd8 23. Rb7 Rd6 24. Nf4 Rad8 25. b4 Rd1+ 26. Kb2 R8d7 27. Rxd7 Rxd7 28. Kc1 Rd8 29. g3 Rh8 30. Nc5 Nd5 31. Nxd5 cxd5 32. c3 Kf6 33. Kd2 Be8 34. Ke3 Ke5 35. a4 Rh7 36. a5 Rc7 37. Rh1 Rc8 38. f4+ exf3 39. Kxf3 Kf6 40. Kf4 Bf7 41. Re1 Rd8 42. Re3 a6 43. Re2 Rd6 44. Re1 Bg6 45. Rb1 Be8 46. Ra1 Bb5 47. Re1 d4 48. Rd1 d3 49. Ke3 Rc6 50. Rh1 Kg5 51. Rh4 Rd6 52. Kd2 Kh6 53. c4 Be8 54. Rf4 Rg6 55. Rf3 Rg4 56. Re3 Bf7 57. Nxd3 Rd4 58. c5 Bd5 59. Kc2 Rc4+ 60. Kb2 Be4 61. Kb3 Bd5 62. Re5 Rd4+ 63. Kc3 Rc4+ 64. Kd2 Be4 65. Re6+ Kg5 66. Ne5 1-0

[Event "otb"]
[Site "otb"]
[Date "2007.04.03"]
[Round "3"]
[White "Esquivel Luis Enrique"]
[Black "Cruz Cristhian"]
[Result "1/2-1/2"]
[WhiteElo "2167"]
[BlackElo "2399"]
[PlyCount "69"]
[Source "www.chesslib.no"]
[SourceDate "2004.05.04"]

1. e4 d5 2. d4 dxe4 3. Nc3 Nf6 4. f3 e3 5. Bxe3 c6 6. Bc4 Nbd7 7. Nge2 e6 8. O-O Be7 9. Ng3 Nb6 10. Bd3 Nbd5 11. Nxd5 Nxd5 12. Bf2 Nf4 13. Ne2 Nxd3 14. Qxd3 O-O 15. Rfd1 Qa5 16. Qc3 Qxc3 17. Nxc3 Bd7 18. Ne4 Be8 19. Bg3 f5 20. Nc5 f4 21. Bf2 Bg6 22. c3 Bf5 23. Re1 Bxc5 24. dxc5 Rfd8 25. Rad1 Kf7 26. Bh4 Rd5 27. Rxd5 cxd5 28. Bg5 Rc8 29. Bxf4 Rxc5 30. Be3 Ra5 31. a3 Ra4 32. Bd4 a6 33. Kf2 Rc4 34. Ke3 a5 35. b4 1/2-1/2

[Event "HUN-chT 9798"]
[Site "?"]
[Date "1998.??.??"]
[Round "?"]
[White "Meszaros Gyorgy"]
[Black "Halasz Tamas"]
[Result "1/2-1/2"]
[WhiteElo "2195"]
[BlackElo "2365"]
[PlyCount "56"]
[EventDate "1998.??.??"]
[Source "www.chesslib.no"]
[SourceDate "2004.05.04"]

1. d4 d5 2. e4 dxe4 3. Nc3 Nf6 4. f3 exf3 5. Nxf3 Bg4 6. h3 Bxf3 7. Qxf3 c6 8. Be3 e6 9. Bd3 Nbd7 10. O-O Be7 11. g4 O-O 12. Rf2 Nd5 13. Nxd5 cxd5 14. Raf1 Bg5 15. Bxg5 Qxg5 16. h4 Qf6 17. Qe3 Qe7 18. g5 Rae8 19. Re1 a6 20. Qg3 Nb6 21. Qg4 Qd6 22. Ref1 Nc4 23. Qe2 Nxb2 24. Bxh7+ Kxh7 25. Qh5+ Kg8 26. Rxf7 Qg3+ 27. Kh1 Qh3+ 28. Kg1 Qg3+ 1/2-1/2

[Event "Ryder Gambit"]
[Site "?"]
[Date "2001.??.??"]
[Round "?"]
[White "Maciulewicz Christopher"]
[Black "Marcotulli Giancarlo"]
[Result "0-1"]
[WhiteElo "2300"]
[BlackElo "2250"]
[PlyCount "76"]
[EventDate "2001.??.??"]
[Source "www.chesslib.no"]
[SourceDate "2004.05.04"]

1. d4 d5 2. e4 dxe4 3. Nc3 Nf6 4. f3 exf3 5. Qxf3 Qxd4 6. Be3 Qe5 7. O-O-O c6 8. h3 Qa5 9. Bc4 Nbd7 10. Qg3 b5 11. Bb3 Bb7 12. Nf3 c5 13. a4 a6 14. Bd2 b4 15. Ng5 e6 16. Rhe1 c4 17. Bxc4 Nc5 18. Na2 Nce4 19. Nxe4 Nxe4 20. Qf4 Nf6 21. b3 Rc8 22. Nxb4 Qb6 23. Bc3 Be7 24. Nd3 Nd5 25. Qg4 Nxc3 26. Qxg7 Ba3+ 27. Kd2 Nxd1 28. Qxh8+ Ke7 29. Qxh7 Rxc4 30. bxc4 Nb2 31. Qh4+ Ke8 32. Qh8+ Kd7 33. Qc3 Nxd3 34. Qxd3+ Bd6 35. g4 Ke7 36. Rf1 Bg2 37. Rd1 Qa5+ 38. Kc1 Bf4+ 0-1

[Event "Ryder Gambit"]
[Site "?"]
[Date "2001.??.??"]
[Round "?"]
[White "Marcotulli Giancarlo"]
[Black "Maciulewicz Christopher"]
[Result "1-0"]
[WhiteElo "2250"]
[BlackElo "2300"]
[PlyCount "71"]
[EventDate "2001.??.??"]
[Source "www.chesslib.no"]
[SourceDate "2004.05.04"]

1. d4 d5 2. e4 dxe4 3. Nc3 Nf6 4. f3 exf3 5. Qxf3 Qxd4 6. Be3 Qd7 7. Rd1 Qg4 8. Nb5 Na6 9. Nxa7 Bd7 10. Bxa6 Qxf3 11. Nxf3 bxa6 12. Ne5 Ng4 13. Rxd7 Nxe3 14. Rxc7 f6 15. Nec6 Nxg2+ 16. Kf2 Nf4 17. Rd1 e5 18. b4 g5 19. Rdd7 h5 20. c4 e4 21. Rf7 Bd6 22. Rb7 Nd3+ 23. Ke3 f5 24. a3 f4+ 25. Kxe4 Nf2+ 26. Kd5 Rh6 27. c5 Bf8 28. Rfc7 Ng4 29. Nb8 Ne3+ 30. Ke5 Nc4+ 31. Kf5 Rd6 32. Nac6 Rd8 33. Nxd8 Kxd8 34. Rh7 Ke8 35. Nd7 Ne3+ 36. Ke6 1-0

[Event "It (Open) Tehran IRI"]
[Site "?"]
[Date "2006.01.28"]
[Round "5"]
[White "Abbasifar Hasan"]
[Black "Momeni Ebrahim"]
[Result "0-1"]
[WhiteElo "2353"]
[BlackElo "2190"]
[PlyCount "100"]
[EventDate "2006.??.??"]
[Source "www.chesslib.no"]
[SourceDate "2004.05.04"]

1. d4 d5 2. e4 dxe4 3. Nc3 Nf6 4. f3 exf3 5. Nxf3 Bf5 6. Bc4 e6 7. O-O c6 8. Kh1 Nbd7 9. Bb3 Be7 10. h3 O-O 11. Nh4 Bg6 12. Nxg6 hxg6 13. Qf3 Nb6 14. Ne2 a5 15. a4 Nbd5 16. c4 Nb4 17. Bd2 Qc7 18. Bc3 Rad8 19. Rad1 b6 20. g4 c5 21. Kg2 Qc6 22. d5 exd5 23. Bxb4 axb4 24. cxd5 Qc7 25. Rc1 Qe5 26. Nf4 Bd6 27. Qe2 Qg5 28. Qf3 Rde8 29. Rc2 Re4 30. Ne2 Re3 31. h4 Qxh4 32. Qxe3 Qh2+ 33. Kf3 Re8 34. Qg1 Qh3+ 35. Kf2 Qh4+ 36. Kf3 Qh3+ 37. Kf2 Qxb3 38. Rfc1 Ne4+ 39. Kg2 Qxd5 40. Kf1 Nd2+ 41. Rxd2 Qxd2 42. Re1 c4 43. Qf2 Re3 44. Qh4 Bg3 45. Qxg3 Rxg3 46. Nxg3 Qf4+ 47. Kg2 c3 48. bxc3 bxc3 49. Re4 Qxe4+ 50. Nxe4 c2 0-1

[Event "IRI-ch"]
[Site "Tehran"]
[Date "2002.08.01"]
[Round "7"]
[White "Abbasifar, Hasan"]
[Black "Nasri, Amin"]
[Result "1-0"]
[WhiteElo "2282"]
[BlackElo "2254"]
[PlyCount "75"]
[EventDate "2002.07.28"]
[Source "ChessBase"]
[SourceDate "2002.09.11"]

1. d4 d5 2. e4 dxe4 3. Nc3 e5 4. Qh5 Nf6 5. Qxe5+ Be7 6. Be3 O-O 7. O-O-O Bd6 8. Qg5 Nc6 9. h3 Ne7 10. g4 c6 11. f3 h6 12. Qh4 Nfd5 13. Nxd5 Nxd5 14. Qf2 f5 15. gxf5 Bxf5 16. Kb1 exf3 17. Bc4 b5 18. Bd3 Bxd3 19. Rxd3 Qf6 20. Bc1 Nb4 21. Rb3 a5 22. a3 a4 23. Rxf3 Qe6 24. axb4 Qe4 25. Qg2 Kh7 26. h4 Qxd4 27. Rxf8 Rxf8 28. Ne2 Qxb4 29. Rg1 Be5 30. c3 Qc4 31. Qg6+ Kh8 32. Bxh6 Rf7 33. Bc1 a3 34. Qh5+ Kg8 35. Qxe5 Qd3+ 36. Ka2 axb2 37. Kxb2 b4 38. cxb4 1-0

[Event "Lendas do Xadrez"]
[Site "Rio de Janeiro BRA"]
[Date "2008.03.02"]
[Round "4"]
[White "Ferreira, K."]
[Black "Di Berardino, D."]
[Result "1/2-1/2"]
[WhiteElo "2105"]
[BlackElo "2430"]
[PlyCount "86"]
[EventDate "2008.02.29"]
[Source "www.chesslib.no"]
[SourceDate "2004.05.04"]

1. d4 d5 2. e4 dxe4 3. Nc3 Nf6 4. Bg5 Nbd7 5. f3 e3 6. Bxe3 e6 7. Bd3 a6 8. Nge2 Bd6 9. O-O O-O 10. Qe1 Nd5 11. Nxd5 exd5 12. Nc3 c6 13. Qf2 Re8 14. Rfe1 Nf8 15. f4 f5 16. Bd2 Be6 17. Re2 Qf6 18. Rae1 Bf7 19. Rxe8 Bxe8 20. a3 Ne6 21. Ne2 Bh5 22. Bxf5 Qxf5 23. Ng3 Qxc2 24. Rxe6 Bf8 25. Nxh5 Qd1+ 26. Re1 Qxh5 27. Qe3 Qf7 28. Qe5 Rd8 29. Ba5 Bd6 30. Bxd8 Bxe5 31. fxe5 Qe6 32. Bb6 Kf7 33. Rf1+ Ke8 34. b4 Qh6 35. a4 Qe3+ 36. Kh1 Qd3 37. Kg1 Qe3+ 38. Kh1 h5 39. a5 g5 40. Bc5 g4 41. Rf8+ Kd7 42. Rf7+ Ke6 43. Rf6+ Kd7 1/2-1/2

[Event "Open"]
[Site "Nelson NZL"]
[Date "2007.10.05"]
[Round "6"]
[White "Wilkins, M."]
[Black "Wastney, S."]
[Result "0-1"]
[WhiteElo "2245"]
[BlackElo "2281"]
[PlyCount "60"]
[EventDate "2007.10.03"]
[Source "www.chesslib.no"]
[SourceDate "2004.05.04"]

1. d4 d5 2. e4 dxe4 3. Nc3 Nf6 4. f3 exf3 5. Nxf3 Bg4 6. Bc4 e6 7. O-O Be7 8. Be3 c6 9. h3 Bxf3 10. Qxf3 O-O 11. Bd3 Nbd7 12. Ne4 Nd5 13. Bd2 f5 14. Ng3 Bf6 15. c3 g6 16. Rae1 Re8 17. Kh1 Bg7 18. Rxe6 Rxe6 19. Nxf5 gxf5 20. Qxf5 Nf8 21. Qf7+ Kh8 22. Qh5 Rf6 23. Re1 Nf4 24. Bxf4 Rxf4 25. Bc4 b5 26. Bd3 Qh4 27. Qe2 Rf2 28. Qe3 Qf4 29. Qe7 Qg3 30. Be4 Rf7 0-1

[Event "Catalunya-chT"]
[Site "?"]
[Date "1998.??.??"]
[Round "7"]
[White "Canal Oliveras Joan"]
[Black "Colom Casasayas Oscar"]
[Result "1-0"]
[WhiteElo "2250"]
[BlackElo "2275"]
[PlyCount "59"]
[EventDate "1998.??.??"]
[Source "www.chesslib.no"]
[SourceDate "2004.05.04"]

1. d4 d5 2. e4 dxe4 3. Nc3 Bf5 4. f3 exf3 5. Qxf3 Bd7 6. Qxb7 Nc6 7. Nd5 Rc8 8. Bf4 e5 9. dxe5 Nd4 10. O-O-O Bc5 11. Be3 Ne6 12. Bxc5 Nxc5 13. Qxa7 Ne6 14. Bc4 Ne7 15. Ne2 Nxd5 16. Bxd5 Qg5+ 17. Kb1 Qxe5 18. Bf3 Rd8 19. Rd5 Qf6 20. Rhd1 Qe7 21. Rxd7 Rxd7 22. Bc6 O-O 23. Rxd7 Qf6 24. Bf3 c5 25. Rb7 Qe5 26. a3 h6 27. h3 Ng5 28. Re7 Qd6 29. Qd7 Qb6 30. Bd5 1-0

[Event "HUN-chT2"]
[Site "HUN"]
[Date "1993.??.??"]
[Round "?"]
[White "Feher, Attila"]
[Black "Korosparti, Sandor"]
[Result "1-0"]
[WhiteElo "2270"]
[BlackElo "2250"]
[PlyCount "83"]
[EventDate "1993.??.??"]
[Source "www.chesslib.no"]
[SourceDate "2004.05.04"]

1. d4 d5 2. e4 dxe4 3. Nc3 Nf6 4. f3 exf3 5. Nxf3 g6 6. Bc4 Bg7 7. O-O O-O 8. Kh1 Nc6 9. Be3 b6 10. Qd2 Ng4 11. Rad1 e5 12. Bg5 Qe8 13. Bb5 a6 14. Bxc6 Qxc6 15. d5 Qc4 16. h3 e4 17. hxg4 exf3 18. gxf3 f5 19. Qf4 Qc5 20. Na4 Qb5 21. b3 Qd7 22. d6 cxd6 23. Nxb6 Qb7 24. Nxa8 Qxa8 25. Be7 Rf7 26. Rxd6 Rxe7 27. Rd8+ Bf8 28. Qc4+ Rf7 29. Rxc8 Qb7 30. gxf5 Qd7 31. Qe6 Qd4 32. Rc4 Qd2 33. Rg4 Bd6 34. f4 Qc3 35. Kh2 Qxc2+ 36. Rg2 Qc6 37. Rd2 Bxf4+ 38. Rxf4 Qc7 39. Qd6 Qc3 40. Qd8+ Rf8 41. Qd5+ Rf7 42. fxg6 1-0

[Event "Paks Atom Cup IM 2nd"]
[Site "?"]
[Date "1997.??.??"]
[Round "4"]
[White "Berkes Ferenc"]
[Black "Marcetic Nikola"]
[Result "0-1"]
[WhiteElo "2220"]
[BlackElo "2295"]
[PlyCount "114"]
[EventDate "1997.??.??"]
[Source "www.chesslib.no"]
[SourceDate "2004.05.04"]

1. d4 d5 2. e4 dxe4 3. Nc3 Nf6 4. f3 e3 5. Bxe3 e6 6. Bd3 Nd5 7. Nxd5 exd5 8. Qd2 Nc6 9. c3 Be6 10. O-O-O Qd7 11. Ne2 O-O-O 12. Nf4 Bf5 13. Bxf5 Qxf5 14. g4 Qd7 15. h4 Na5 16. b3 Bd6 17. Rde1 Bxf4 18. Bxf4 Nc6 19. Be5 f6 20. Bg3 Rde8 21. Qf4 Ne7 22. h5 h6 23. Rh2 Nc6 24. Rhe2 Rxe2 25. Rxe2 Rf8 26. Kd2 Rf7 27. Re1 Re7 28. Rxe7 Nxe7 29. Qe3 b6 30. Qd3 Kb7 31. Qh7 Nc6 32. Bf4 Kc8 33. Qg8+ Nd8 34. Qh7 Ne6 35. Qf5 Nf8 36. Qxd7+ Kxd7 37. Ke2 Ne6 38. Be3 c6 39. f4 Nd8 40. Kf3 Nf7 41. g5 f5 42. Bd2 Nd6 43. Be1 Ke6 44. Kg3 Ne4+ 45. Kh4 c5 46. g6 a5 47. a3 c4 48. b4 axb4 49. axb4 Kd7 50. Kh3 Nf6 51. Kh4 Kc6 52. Kg3 Nxh5+ 53. Kf3 Nf6 54. Bh4 Ne4 55. Be7 Kd7 56. Bf8 Nxc3 57. Bxg7 h5 0-1